000 00829cam a2200241 a 4500
005 20161215160603.0
008 110923s2008 ck ao r 000 0 spa d
020 _a9789587190632
040 _aCO-BoPUJ
_cCO-BoIAVH
_dCO-BoIAVH
041 0 _aspa
044 _ack
082 0 4 _a730
_bS34e
100 1 _aSchlenker, Cristóbal
_d1948-
_eautor
245 1 0 _aExcavaciones /
_cCristóbal Schlenker
250 _aPrimera edición
260 _aBogotá (Colombia) :
_bUniversidad Nacional de Colombia (Sede Bogotá), Facultad de Artes
_c2008.
300 _a84 páginas :
_bilustraciones y fotografías ;
_c21 x 14 cm.
504 _aIncluye referencias bibliográficas: páginas 83-84.
650 2 6 _aEscultura
650 2 4 _aArte de la tierra
650 2 4 _aExpresionismo (Arte)
942 _2ddc
_cLIBRO
999 _c19183
_d19183